000 00292nam a2200109Ia 4500
008 190216s9999||||xx |||||||||||||| ||und||
100 _aMani P K&Amp;Thomas A O
245 0 _aText Book Of Chemistry For Pre-Degree Student
260 _bScientific Book Agency
650 _aChemistry
942 _cBK
999 _c2018
_d2018